Demokracia a právny štát

Vzťah demokracie a právneho štátu z hľadiska histórie a súčasnosti. Obsahové vymedzenie pojmu demokracia. Pohľad na demokraciu ako vládu väčšiny a vládu prostredníctvom diskusie.

Gespeichert in:
Bibliographische Detailangaben
1. Verfasser: Ottová, Eva
Format: Buchkapitel
Sprache:Slowakisch
Schlagworte:
Tags: Tag hinzufügen
Keine Tags, Fügen Sie das erste Tag hinzu!

MARC

LEADER 00000naa a2200000 4500
001 r032774
005 20230929080345.7
041 0 |a slo 
044 |a SK 
245 1 0 |a Demokracia a právny štát  |c Eva Ottová 
520 |a Vzťah demokracie a právneho štátu z hľadiska histórie a súčasnosti. Obsahové vymedzenie pojmu demokracia. Pohľad na demokraciu ako vládu väčšiny a vládu prostredníctvom diskusie. 
610 2 0 |a demokracia 
610 2 0 |a štát 
610 2 0 |a história 
610 2 0 |a diskusia 
610 2 0 |a sloboda 
100 1 |a Ottová, Eva